• 首页
  • 本馆介绍
  • 公告通知
  • 最新文献
  • 馆藏检索
  • 电子资源
  • 读者导购
  • 参考咨询
  • 我的图书馆
  • 登录
  • 详细信息显示
  • 放入我的书架
  • 预约/预借图书
  • 作者相关作品
  • 分类相关作品
  • 丛书相关作品
  • 出版社相关作品

书目信息

  • 表格格式
  • 工作单格式
  • 卡片格式
题名:
中国社会结构变动与文化政策演进
    
 
作者: 刘江红 著
分册:  
出版信息: 北京   社会科学文献出版社  2016
页数: 242页
开本: 24cm
丛书名: 文化发展学术文丛
单 册:
中图分类: D66 , G120
科图分类:
主题词: 社会结构--she hui jie gou--社会变迁--研究--中国 , 文化事业--wen hua shi ye--方针政策--研究--中国
电子资源:
ISBN: 978-7-5097-8984-1
000 01298nam0 22002891 450
001 0119165210
005 20170619165210.0
010    @a978-7-5097-8984-1@dCNY69.00
100    @a20160802d2016 kemy0chiy50 ea
101 0  @achi
102    @aCN@b110000
105    @ay v 000yy
106    @ar
200 1  @a中国社会结构变动与文化政策演进@9zhong guo she hui jie gou bian dong yu wen hua zheng ce yan jin@dThe changes of Chinese social structure and the evolution of cultural policy@f刘江红著@zeng
210    @a北京@c社会科学文献出版社@d2016
215    @a242页@d24cm
225 2  @a文化发展学术文丛@9wen hua fa zhan xue shu wen cong
330    @a本书通过对社会结构变动的考察来分析不同历史阶段权力关系及结构的变化,以及这种变化对文化政策制定与施行带来的影响,找到不同时期“社会结构一文化政策”之间的因果关系,确定影响文化政策设计的重要因子,从而构建出合理的文化政策体系。
461  0 @12001 @a文化发展学术文丛
510 1  @aChanges of Chinese social structure and the evolution of cultural policy@zeng
606 0  @a社会结构@9she hui jie gou@x社会变迁@x研究@y中国
606 0  @a文化事业@9wen hua shi ye@x方针政策@x研究@y中国
690    @aD66@v5
690    @aG120@v5
701  0 @a刘江红@9liu jiang hong@c(女,文化)@4著
801  0 @aCN@b百万庄@c20170616
905    @b1010085-90@dD66@e179@f6
    
    中国社会结构变动与文化政策演进=The changes of Chinese social structure and the evolution of cultural policy/刘江红著.-北京:社会科学文献出版社,2016
    242页;24cm.-(文化发展学术文丛)
    
    
    ISBN 978-7-5097-8984-1:CNY69.00
    本书通过对社会结构变动的考察来分析不同历史阶段权力关系及结构的变化,以及这种变化对文化政策制定与施行带来的影响,找到不同时期“社会结构一文化政策”之间的因果关系,确定影响文化政策设计的重要因子,从而构建出合理的文化政策体系。
●
相关链接 在E读中查询图书 在五车中查询图书 在当当中查询图书 在豆瓣中查询图书


正题名:中国社会结构变动与文化政策演进     索取号:D66/179         预约/预借

序号 登录号 条形码 馆藏地/架位号 状态 备注
1 1010085   210100852   第一样本阅览室/ [索取号:D66/179] 在馆    
2 1010086   210100861   教育系资料室/ [索取号:D66/179] 在馆    
3 1010087   210100870   教育系资料室/ [索取号:D66/179] 在馆    
4 1010088   210100889   教育系资料室/ [索取号:D66/179] 在馆    
5 1010089   210100898   第一借阅区/ [索取号:D66/179] 在馆    
6 1010090   210100905   第一借阅区/ [索取号:D66/179] 在馆    
唐山师范学院图书馆 欢迎您!
大连网信软件有限公司© 版权所有